[Event "Sautron op 17th"]
[Site "Sautron"]
[Date "2017.10.27"]
[Round "8.11"]
[White "Verhille, Gabin"]
[Black "Couchet, Renaud"]
[Result "1-0"]
[WhiteElo "1345"]
[BlackElo "1709"]
[PlyCount "109"]
[EventDate "2017.10.22"]
[EventType "swiss"]
[EventRounds "9"]
[EventCountry "FRA"]
[SourceTitle "CBM 181 Extra"]
[Source "ChessBase"]
[SourceDate "2017.12.12"]
[SourceVersion "1"]
[SourceVersionDate "2017.12.12"]
[SourceQuality "1"]

1. e4 e5 2. Nf3 Nc6 3. d4 exd4 4. Nxd4 Qh4 5. Nc3 Bb4 6. Qd3 Nf6 7. Ndb5 Ba5 8. Bd2 a6 9. g3 Qh5 10. Na3 d6 11. Be2 Qh3 12. 0-0-0 0-0 13. Nc4 Ne5 14. Nxe5 dxe5 15. f3 Be6 16. Bf1 Qh5 17. a3 Rfd8 18. Qe3 b5 19. g4 Qg6 20. h4 h5 21. gxh5 Nxh5 22. Rg1 Qf6 23. Rg5 Nf4 24. Qg1 Bh3 25. Bxf4 Qxf4+ 26. Kb1 Bxc3 27. Rxd8+ Rxd8 28. Rxg7+ Kh8 29. Bxh3 Bd4 30. Qg5 Qxg5 31. Rxg5 Kh7 32. h5 Rd6 33. c3 f6 34. Bf5+ Kh8 35. Rg6 Be3 36. h6 Bg5 37. Kc2 c5 38. h7 Rd8 39. Kb3 a5 40. c4 a4+ 41. Kc3 Bd2+ 42. Kc2 bxc4 43. Rxf6 Kg7 44. Ra6 Be1 45. Rxa4 Rd2+ 46. Kc1 Rh2 47. Rxc4 Rh1 48. Kc2 Rh2+ 49. Kb3 Bf2 50. Rc2 Kf6 51. Rd2 Kg7 52. a4 Bg3 53. Rxh2 Bxh2 54. Kc4 Bg1 55. a5 1-0

[Event "Angers op 2nd"]
[Site "Angers"]
[Date "2007.04.15"]
[Round "6.27"]
[White "Couchet, Renaud"]
[Black "Soufflet, Jacques"]
[Result "1-0"]
[WhiteElo "1600"]
[BlackElo "1750"]
[PlyCount "46"]
[EventDate "2007.04.13"]
[EventType "swiss"]
[EventRounds "6"]
[EventCountry "FRA"]
[SourceTitle "CBM 117 Extra"]
[Source "ChessBase"]
[SourceDate "2007.05.09"]
[SourceVersion "1"]
[SourceVersionDate "2007.05.09"]
[SourceQuality "1"]

1. e4 e6 2. d4 d5 3. e5 c5 4. c3 Qb6 5. Nf3 Nc6 6. Bd3 cxd4 7. cxd4 Bd7 8. Bc2 Be7 9. a3 f6 10. 0-0 fxe5 11. dxe5 Bc5 12. Nc3 a6 13. Na4 Qa7 14. Nxc5 Qxc5 15. b4 Qb6 16. Be3 Qc7 17. Rc1 Nge7 18. Re1 Ng6 19. Bxg6+ hxg6 20. Bc5 Rh5 21. Bd6 Qb6 22. g4 Rh8 23. Ng5 0-0-0 1-0

[Event "Angers op 2nd"]
[Site "Angers"]
[Date "2007.04.15"]
[Round "5.21"]
[White "Yvon, Eric"]
[Black "Couchet, Renaud"]
[Result "1-0"]
[WhiteElo "1850"]
[BlackElo "1600"]
[PlyCount "73"]
[EventDate "2007.04.13"]
[EventType "swiss"]
[EventRounds "6"]
[EventCountry "FRA"]
[SourceTitle "CBM 117 Extra"]
[Source "ChessBase"]
[SourceDate "2007.05.09"]
[SourceVersion "1"]
[SourceVersionDate "2007.05.09"]
[SourceQuality "1"]

1. e4 e5 2. Nf3 Nc6 3. d4 exd4 4. Nxd4 Nf6 5. Nc3 Bb4 6. Qd3 0-0 7. Bd2 Re8 8. Be2 Bxc3 9. bxc3 Nxe4 10. 0-0 Nxd2 11. Qxd2 d6 12. Rab1 Nxd4 13. cxd4 d5 14. Bd3 c6 15. f4 b5 16. f5 Qf6 17. c3 a5 18. g4 h6 19. Kh1 Bd7 20. Rg1 Re7 21. g5 hxg5 22. Rxg5 Rae8 23. Rbg1 Re1 24. Rxg7+ Qxg7 25. Rxe1 Rxe1+ 26. Qxe1 Qg4 27. Qg3 Qxg3 28. hxg3 Kg7 29. Kg2 Kf6 30. g4 Ke7 31. a3 Kd6 32. g5 c5 33. dxc5+ Kxc5 34. f6 b4 35. axb4+ axb4 36. cxb4+ Kxb4 37. g6 1-0